| 000 | 00507nam a22001697a 4500 | ||
|---|---|---|---|
| 999 |
_c189345 _d189345 |
||
| 005 | 20220624105420.0 | ||
| 010 | _avivek | ||
| 020 |
_a9789391017217 _c450.00 |
||
| 037 | _bSahitya Akademi | ||
| 100 | _aBhagaban Jayasingh | ||
| 245 |
_aSitakant Mahapatra:A Reader/ _cBhagaban Jayasingh |
||
| 260 |
_aNew Delhi _bSahitya Akademi _c2021 |
||
| 270 |
_aRabindra Bhavan, 35, Ferozshah Road _bNew Delhi _e110001 |
||
| 300 |
_axiii,306p. _bill. _c23.5cm(Pb) |
||
| 500 | _aBibliography | ||
| 942 |
_2ddc _cEN _e2021 _kJAY |
||